A horse of a different color : television's treatment of Jesse Jackson's 1984 presidential campaign /

Bibliographic Details
Main Author: Broh, C. Anthony
Format: Book
Language:English
Published: Washington, D.C. : Joint Center for Political Studies, 1987.
Subjects:

MARC

Tag First Indicator Second Indicator Subfields
LEADER 00000cam a2200000 a 4500
001 in00000018929
005 20151007054116.0
008 870416s1987 dcua b 00010 eng
010 |a  87002869  
020 |a 0941410544 (pbk.) :  |c $7.95 
035 |a (OCoLC)15630426 
035 |9 AAB4010AM 
040 |a DLC  |c DLC  |d TXA  |d UtOrBLW 
043 |a n-us--- 
049 |a TXAM  |c [A11495354] 
050 0 0 |a HE8700.76.U6  |b B76 1987 
082 0 |a 324.973/0927  |2 19 
100 1 |a Broh, C. Anthony. 
245 1 2 |a A horse of a different color :  |b television's treatment of Jesse Jackson's 1984 presidential campaign /  |c C. Anthony Broh. 
264 1 |a Washington, D.C. :  |b Joint Center for Political Studies,  |c 1987. 
300 |a xiv, 93 pages :  |b illustrations ;  |c 23 cm. 
336 |a text  |b txt  |2 rdacontent 
337 |a unmediated  |b n  |2 rdamedia 
338 |a volume  |b nc  |2 rdacarrier 
504 |a Bibliography: pages 87-91. 
650 0 |a Television in politics  |z United States. 
650 0 |a Presidents  |z United States  |x Election  |y 1984. 
600 1 0 |a Jackson, Jesse,  |d 1941- 
999 |a MARS 
999 f f |s d3ea6603-51fc-3148-8a5a-76f79bb32224  |i 7e272634-1af4-3e6b-9fa9-d092e8065950  |t 0 
952 f f |p ric  |a Texas A&M University  |b Rellis Campus  |c Joint Library Facility  |d Remote Storage  |t 0  |e HE8700.76.U6 B76 1987  |h Library of Congress classification  |i unmediated -- volume  |m A14811495354 
998 f f |a HE8700.76.U6 B76 1987  |t 0  |l Remote Storage